书目信息 |
| 题名: |
商务谈判实务
|
|
| 作者: | 陈文汉 , 徐梅 主编 | |
| 分册: | ||
| 出版信息: | 北京 清华大学出版社 2014 |
|
| 页数: | 374页 | |
| 开本: | 26cm | |
| 丛书名: | ||
| 单 册: | ||
| 中图分类: | F715.4 | |
| 科图分类: | ||
| 主题词: | 商务谈判--高等教育--教材 , 商务谈判 | |
| 电子资源: | ||
| ISBN: | 978-7-302-34405-6 | |
| 000 | 00928nam0 2200253 450 | |
| 001 | 139134 | |
| 005 | 20140910124532.70 | |
| 010 | @a978-7-302-34405-6@dCNY 39.00 | |
| 100 | @a20140314d2014 em y0chiy50 ea | |
| 101 | 0 | @achi |
| 102 | @aCN@b110000 | |
| 105 | @ay z 000yy | |
| 200 | 1 | @a商务谈判实务@Ashang wu tan pan shi wu@b专著@f陈文汉,徐梅主编 |
| 210 | @a北京@c清华大学出版社@d2014 | |
| 215 | @a374页@d26cm | |
| 300 | @a普通高等教育经管类专业“十二五”规划教材 | |
| 330 | @a本书内容包括:商务谈判概论、现代商务谈判理论、商务谈判的心理、商务谈判中的文化与礼仪、商务谈判准备、商务谈判开局与报价、商务谈判价格磋商与再谈判、商务谈判的结束、商务谈判技巧、商务谈判策略、商务谈判管理等。 | |
| 606 | 0 | @a商务谈判@x高等教育@j教材 |
| 606 | 0 | @a商务谈判 |
| 690 | @aF715.4@v5 | |
| 701 | 0 | @a陈文汉@Achen wen han@f(1965 )@4主编 |
| 701 | 0 | @a徐梅@Axu mei@4主编 |
| 801 | 0 | @aCN@bZL@c20140910 |
| 905 | @a241430@dF715.4@eC580 | |
| 商务谈判实务/陈文汉,徐梅主编.-北京:清华大学出版社,2014 |
| 374页;26cm |
| 普通高等教育经管类专业“十二五”规划教材 |
| ISBN 978-7-302-34405-6:CNY 39.00 |
| 本书内容包括:商务谈判概论、现代商务谈判理论、商务谈判的心理、商务谈判中的文化与礼仪、商务谈判准备、商务谈判开局与报价、商务谈判价格磋商与再谈判、商务谈判的结束、商务谈判技巧、商务谈判策略、商务谈判管理等。 |
| ● |
| 相关链接 |
|
|
|
正题名:商务谈判实务
索取号:F715.4/C580
 
预约/预借
| 序号 | 登录号 | 条形码 | 馆藏地/架位号 | 状态 | 备注 |
| 1 | 0829390 | 208293906 | 社科库409/409社科库 45排5列3层/ [索取号:F715.4/C580] | 在馆 | |
| 2 | 0829391 | 208293915 | 社科库409/409社科库 45排5列3层/ [索取号:F715.4/C580] | 在馆 | |
| 3 | 0829392 | 208293924 | 社科库409/409社科库 45排5列3层/ [索取号:F715.4/C580] | 在馆 |